000 00510nam a22001937a 4500
999 _c3685
_d234189
020 _a9875070033
080 _a35.078 D 836
110 _aDromi, Roberto
245 _aPresupuesto y Cuenta de Inversiòn
_binstrumentos de gobierno y control
250 _a2ª Ed.
260 _aBuenos Aires
_bCiudad Argentina
_c1997
300 _a227 P.
650 _xpresupuesto
650 _xadministracion financiera
650 _xcuenta de inversion
650 _xcontrol
942 _6_
945 _acd
_d2015-04-06